[Event "Vienna Chess Open 2013"]
[Site "Großer Festsaal im Wiener Rathaus, 1010 Wien"]
[Date "2013.08.23"]
[Round "7.26"]
[White "Khmelevskyi, Sergii"]
[Black "Fauland, Alexander"]
[Result "0-1"]
[WhiteElo "2254"]
[BlackElo "2447"]
[[PlyCount "78"]
[[BlackElo "2447"]

1.d4 Nf6 2.c4 e6 3.Nc3 Bb4 4.Qb3 c5 5.Nf3 Nc6 6.e3 O-O 7.a3 Na5 8.Qc2 Bxc3+ 9.Qxc3
b5 10.dxc5 bxc4 11.Bxc4 Nxc4 12.Qxc4 a5 13.Qd4 Ba6 14.Bd2 Qb8 15.Bc3 Qb5 16.O-O-O
Rfc8 17.a4 Qb3 18.Nd2 Qd5 19.e4 Qxc5 20.Qxc5 Rxc5 21.f3 Rb8 22.Kc2 d5 23.Nb3 Rcc8
24.Rhe1 dxe4 25.fxe4 Bb7 26.Nd2 Ng4 27.h3 Nf2 28.Ra1 Ba6 29.Re3 Rb4 30.e5 Rd4 31.Kb3
Rd5 32.Ka3 h5 33.Nb3 Nd1 34.Rxd1 Rxd1 35.Nxa5 Ra1+ 36.Kb4 Rb8+ 37.Kc5 Rxa4 38.Nc6
Rc4+ 39.Kd6 Rb6 0-1

[Event "Vienna Chess Open 2013"]
[Site "Großer Festsaal im Wiener Rathaus, 1010 Wien"]
[Date "2013.08.23"]
[Round "7.27"]
[White "Menezes, Christoph"]
[Black "Kilgus, Georg"]
[Result "1-0"]
[WhiteElo "2251"]
[BlackElo "2434"]
[[PlyCount "109"]
[[BlackElo "2434"]

1.d4 Nf6 2.c4 e6 3.Nc3 c5 4.Nf3 cxd4 5.Nxd4 Nc6 6.a3 Bc5 7.Nb3 Be7 8.e4 O-O 9.Be2
b6 10.O-O Ba6 11.Bf4 d6 12.Re1 Ne5 13.Nd2 Qd7 14.Bg3 Rac8 15.b3 Bb7 16.b4 Nc6 17.Nb3
a5 18.bxa5 Nxa5 19.Nxa5 bxa5 20.Bf1 Rfd8 21.Rb1 d5 22.exd5 exd5 23.Na4 Bc5 24.Nxc5
Rxc5 25.Be5 Ne8 26.Bd4 Rxc4 27.Bxc4 dxc4 28.Bb6 Qc6 29.Qf3 Qxf3 30.gxf3 Rc8 31.Bd8
Bc6 32.Bxa5 Bxf3 33.Re3 Bd5 34.Bc3 Nc7 35.Rb6 Ne6 36.Re5 Bc6 37.f4 h6 38.f5 Ng5 39.Rc5
Nh3+ 40.Kf1 Bg2+ 41.Kxg2 Rxc5 42.Kxh3 Rxf5 43.Kg4 Rf2 44.Rb2 Rf1 45.Ra2 f5+ 46.Kg3
Rd1 47.Rc2 g5 48.a4 Kf7 49.a5 Rd6 50.Ra2 Ra6 51.Ra4 Ke6 52.Rxc4 Kd5 53.Rc8 Rc6 54.Rxc6
Kxc6 55.Bg7 1-0

[Event "Vienna Chess Open 2013"]
[Site "Großer Festsaal im Wiener Rathaus, 1010 Wien"]
[Date "2013.08.23"]
[Round "7.28"]
[White "Stigar, Petter"]
[Black "Zeller, Frank"]
[Result "0-1"]
[WhiteElo "2250"]
[BlackElo "2419"]
[[PlyCount "58"]
[[BlackElo "2419"]

1.Nf3 c5 2.c4 Nf6 3.Nc3 e6 4.g3 b6 5.Bg2 Bb7 6.O-O d6 7.d4 cxd4 8.Qxd4 a6 9.Bg5 Nbd7
10.Qd2 Qc7 11.b3 Be7 12.Rac1 O-O 13.Rfd1 Rad8 14.h3 Qb8 15.Bf4 Nc5 16.Qc2 Rc8 17.Qb1
Rfd8 18.Be3 b5 19.cxb5 axb5 20.b4 Nce4 21.Nxb5 Nxg3 22.Nbd4 Nge4 23.Rxc8 Rxc8 24.Rc1
e5 25.Nf5 Bf8 26.Ng5 Nc3 27.Qb3 Nxe2+ 28.Kh2 d5 29.Rxc8 Qxc8 0-1

[Event "Vienna Chess Open 2013"]
[Site "Großer Festsaal im Wiener Rathaus, 1010 Wien"]
[Date "2013.08.23"]
[Round "7.29"]
[White "Linster, Philippe"]
[Black "Hendriks, Willy"]
[Result "0-1"]
[WhiteElo "2244"]
[BlackElo "2417"]
[[PlyCount "94"]
[[BlackElo "2417"]

1.e4 c5 2.Nf3 e6 3.d4 cxd4 4.Nxd4 a6 5.Nc3 Qc7 6.Bd3 Nf6 7.O-O Bc5 8.Nb3 Ba7 9.Qe2
d6 10.Be3 Bxe3 11.Qxe3 Nbd7 12.Kh1 b6 13.f4 Bb7 14.Rae1 h5 15.Nd4 Qc5 16.Na4 Qb4 17.b3
b5 18.Nb2 h4 19.a4 h3 20.gxh3 Nc5 21.c3 Qa3 22.Bxb5+ axb5 23.Nxb5 Nfxe4 24.Nxa3 Nf2+
25.Kg1 Nxh3+ 26.Qxh3 Rxh3 27.Nb5 Ke7 28.b4 Nxa4 29.Nxa4 Rxa4 30.Ra1 Ra6 31.Rfc1 Rh4
32.Rxa6 Bxa6 33.Nd4 Rg4+ 34.Kf2 Rxf4+ 35.Ke3 Rf1 36.Rc2 Bc4 37.Nc6+ Kd7 38.Na5 Ba6
39.Ra2 Re1+ 40.Kf2 Rf1+ 41.Ke3 Re1+ 42.Kf2 Rc1 43.Ra3 e5 44.Nb3 Rc2+ 45.Ke1 Bd3 46.Nd2
e4 47.c4 Bxc4 0-1

[Event "Vienna Chess Open 2013"]
[Site "Großer Festsaal im Wiener Rathaus, 1010 Wien"]
[Date "2013.08.23"]
[Round "7.30"]
[White "Manik, Mikulas"]
[Black "Nuri, Kambez"]
[Result "1-0"]
[WhiteElo "2413"]
[BlackElo "2244"]
[[PlyCount "87"]
[[BlackElo "2244"]

1.e4 c5 2.Nf3 d6 3.d4 cxd4 4.Nxd4 Nf6 5.Nc3 Nc6 6.Bc4 e5 7.Nf3 Be7 8.O-O O-O 9.Re1
Be6 10.Nd5 h6 11.Bf1 Bg4 12.h3 Bh5 13.Nxf6+ Bxf6 14.c3 Bxf3 15.Qxf3 Bg5 16.Bxg5 hxg5
17.Qh5 Qf6 18.Rad1 Rad8 19.Re3 Rd7 20.Bc4 Qh6 21.Qg4 Rc7 22.Rg3 Na5 23.Bd5 Nc4 24.b3
Nb6 25.c4 Rb8 26.Qxg5 Qxg5 27.Rxg5 Rc5 28.a4 a6 29.Rg4 Nxd5 30.Rxd5 Rxd5 31.exd5 b5
32.cxb5 axb5 33.Rb4 Rc8 34.Rxb5 Rc1+ 35.Kh2 f5 36.Rb6 Rb1 37.a5 Kf7 38.a6 e4 39.b4
f4 40.b5 e3 41.fxe3 fxe3 42.Rxd6 Rxb5 43.Kg3 Ra5 44.Kf3 1-0

[Event "Vienna Chess Open 2013"]
[Site "Großer Festsaal im Wiener Rathaus, 1010 Wien"]
[Date "2013.08.23"]
[Round "7.31"]
[White "Ali Marandi, Cemil Can"]
[Black "Ramondino, Renzo"]
[Result "1-0"]
[WhiteElo "2407"]
[BlackElo "2205"]
[[PlyCount "81"]
[[BlackElo "2205"]

1.e4 e5 2.Nf3 Nc6 3.Bb5 a6 4.Ba4 Nf6 5.O-O Be7 6.Re1 b5 7.Bb3 d6 8.c3 O-O 9.h3 Na5
10.Bc2 c5 11.d4 Bb7 12.d5 Nc4 13.Nbd2 Nxd2 14.Bxd2 Bc8 15.Be3 Qc7 16.Qd2 Bd7 17.Rad1
Ne8 18.Nh2 Qc8 19.f4 Bh4 20.Rf1 Bg3 21.f5 Bxh2+ 22.Kxh2 f6 23.g4 Kf7 24.h4 Ke7 25.g5
Kd8 26.b4 c4 27.Bb6+ Ke7 28.Rg1 Qb7 29.Qf2 Rb8 30.Be3 Qc7 31.Ra1 a5 32.a3 Kd8 33.gxf6
gxf6 34.Bh6 Rf7 35.Bd1 a4 36.Bh5 Bc8 37.Rg8 Rb7 38.Rag1 Qe7 39.Qe2 Bd7 40.Bxf7 Qxf7
41.R1g7 1-0

[Event "Vienna Chess Open 2013"]
[Site "Großer Festsaal im Wiener Rathaus, 1010 Wien"]
[Date "2013.08.23"]
[Round "7.32"]
[White "Spornberger, Maximilian"]
[Black "Wallner, Joachim"]
[Result "1-0"]
[WhiteElo "2250"]
[BlackElo "2407"]
[[PlyCount "43"]
[[BlackElo "2407"]

1.e4 c5 2.c3 Nf6 3.e5 Nd5 4.d4 cxd4 5.Nf3 e6 6.cxd4 b6 7.Bd3 Be7 8.Nc3 Nxc3 9.bxc3
Qc7 10.O-O Qxc3 11.Bg5 Ba6 12.Rc1 Qa3 13.Be4 Nc6 14.Rxc6 dxc6 15.Bxc6+ Kf8 16.Bxa8
Bxf1 17.Qxf1 Bxg5 18.Nxg5 Qxa2 19.Qc1 g6 20.g3 Kg7 21.Be4 h6 22.Nxf7 1-0

[Event "Vienna Chess Open 2013"]
[Site "Großer Festsaal im Wiener Rathaus, 1010 Wien"]
[Date "2013.08.23"]
[Round "7.33"]
[White "Vyskocil, Neklan"]
[Black "Aseeva, Marina"]
[Result "1-0"]
[WhiteElo "2398"]
[BlackElo "2193"]
[[PlyCount "85"]
[[BlackElo "2193"]

1.d4 d5 2.c4 c6 3.Nf3 Nf6 4.e3 e6 5.Nbd2 Be7 6.Bd3 Nbd7 7.O-O O-O 8.Re1 c5 9.cxd5
Nxd5 10.e4 Nf4 11.Bf1 cxd4 12.Nc4 Ng6 13.Nxd4 Nde5 14.Be3 Bb4 15.Nd2 b6 16.a3 Be7
17.Nc4 Bb7 18.Nxe5 Nxe5 19.Qh5 Ng6 20.Rad1 Qb8 21.f3 Rd8 22.Qb5 Bc5 23.b4 a6 24.Qe2
Bd6 25.g3 b5 26.Nb3 Ne5 27.Qf2 f5 28.Bf4 fxe4 29.fxe4 Rf8 30.Qe2 Nc4 31.Bxd6 Nxd6
32.Nc5 Nc4 33.Qa2 Bc6 34.Bxc4 bxc4 35.Qxc4 Kh8 36.Nxe6 Qa7+ 37.Qd4 Qxd4+ 38.Rxd4 Rf3
39.Rc1 Ba4 40.Rd6 h6 41.Rc7 Re8 42.Nxg7 Rg8 43.Rcc6 1-0

[Event "Vienna Chess Open 2013"]
[Site "Großer Festsaal im Wiener Rathaus, 1010 Wien"]
[Date "2013.08.23"]
[Round "7.34"]
[White "Kuznecov, Mikhail"]
[Black "Seyfried, Claus"]
[Result "1-0"]
[WhiteElo "2364"]
[BlackElo "2190"]
[[PlyCount "89"]
[[BlackElo "2190"]

1.d4 d5 2.Nf3 c6 3.Bf4 Qb6 4.Qc1 Nf6 5.e3 Nh5 6.Bg5 h6 7.Bh4 g5 8.Bg3 Bf5 9.Be5 f6
10.Bxb8 Rxb8 11.Be2 Ng7 12.c4 e6 13.Nc3 Qc7 14.cxd5 cxd5 15.Qd2 Bb4 16.O-O Kf7 17.Nxd5
Bxd2 18.Nxc7 Rhc8 19.Nb5 Rc2 20.Na3 Rxb2 21.Nc4 Bc3 22.Nxb2 Bxb2 23.Rad1 Rc8 24.Bd3
b6 25.Bxf5 Nxf5 26.Rd3 Bc1 27.Rfd1 Ne7 28.e4 Bf4 29.g3 Bb8 30.Ne1 Rc4 31.Ng2 Ra4 32.R3d2
Bd6 33.Ne3 Nc6 34.d5 exd5 35.Rxd5 Be7 36.Rc1 Bc5 37.Nf5 Rxa2 38.Rd7+ Ke8 39.Rc7 Ne5
40.Rd1 Nf3+ 41.Kh1 Nd2 42.Ng7+ Kf8 43.Ne6+ Kg8 44.Rd7 Nxe4 45.Rg7+ 1-0

[Event "Vienna Chess Open 2013"]
[Site "Großer Festsaal im Wiener Rathaus, 1010 Wien"]
[Date "2013.08.23"]
[Round "7.35"]
[White "Barle, Janez"]
[Black "Lewicki, Miroslaw"]
[Result "0-1"]
[WhiteElo "2363"]
[BlackElo "2188"]
[[PlyCount "82"]
[[BlackElo "2188"]

1.Nf3 d5 2.g3 g6 3.Bg2 Bg7 4.O-O e5 5.d3 Ne7 6.e4 O-O 7.exd5 Nxd5 8.Re1 Nc6 9.c3 Bf5
10.Ng5 Qd7 11.Ne4 Rad8 12.Na3 b6 13.Qa4 h6 14.Bd2 Nce7 15.Qxd7 Rxd7 16.c4 Bxe4 17.Bxe4
Nf6 18.Bb4 c5 19.Bc3 Nxe4 20.dxe4 Nc6 21.Rad1 Nd4 22.Bxd4 exd4 23.Rd3 Re8 24.Nb1 f5
25.Nd2 Rde7 26.f3 h5 27.Rf1 Bh6 28.Kg2 Bxd2 29.Rxd2 fxe4 30.fxe4 Rxe4 31.Rf6 Re2+
32.Rf2 Rxd2 33.Rxd2 Kg7 34.Kf3 g5 35.b4 Re3+ 36.Kf2 Rc3 37.bxc5 bxc5 38.Rb2 Rxc4 39.Rb7+
Kf6 40.Rxa7 Rc2+ 41.Kf3 d3 0-1

[Event "Vienna Chess Open 2013"]
[Site "Großer Festsaal im Wiener Rathaus, 1010 Wien"]
[Date "2013.08.23"]
[Round "7.36"]
[White "Pagerka, Martin"]
[Black "Kaufeld, Juergen"]
[Result "0-1"]
[WhiteElo "2243"]
[BlackElo "2348"]
[[PlyCount "76"]
[[BlackElo "2348"]

1.e4 c5 2.Nf3 e6 3.d4 cxd4 4.Nxd4 a6 5.Nc3 b5 6.Bd3 Qb6 7.Nb3 Qc7 8.Qe2 Bb7 9.Bd2
Nf6 10.O-O b4 11.Nd1 a5 12.Nd4 Nc6 13.Nb5 Qb8 14.Ne3 Be7 15.Nc4 Ba6 16.a4 bxa3 17.Ncxa3
O-O 18.f4 Nb4 19.Bc4 d5 20.exd5 Bc5+ 21.Be3 Bxe3+ 22.Qxe3 exd5 23.Be2 Re8 24.Qd2 Ne4
25.Qd1 Nc6 26.Rf3 Qb6+ 27.Kf1 Rab8 28.Bd3 Nb4 29.Be2 Nd6 30.Nd4 Nf5 31.Nab5 Ne3+ 32.Rxe3
Rxe3 33.c3 Rbe8 34.cxb4 Rxe2 35.Rxa5 R2e4 36.Rxa6 Qxa6 37.Kf2 Rxf4+ 38.Kg3 Qg6+ 0-1